| 000 | 01372nam a2200349 a 4500 | ||
|---|---|---|---|
| 001 | ebr10657893 | ||
| 003 | CaPaEBR | ||
| 006 | m u | ||
| 007 | cr cn||||||||| | ||
| 008 | 120619s2013 enka sb 001 0 eng d | ||
| 010 | _z 2012024778 | ||
| 020 | _z9780470670668 (hardback : alk. paper) | ||
| 020 | _z9781118470916 (e-book) | ||
| 040 |
_aCaPaEBR _cCaPaEBR |
||
| 035 | _a(OCoLC)822978074 | ||
| 050 | 1 | 4 |
_aTS198.3.P3 _bP37 2013eb |
| 082 | 0 | 4 |
_a658.7/85 _223 |
| 245 | 0 | 0 |
_aHandbook of paper and paperboard packaging technology _h[electronic resource] / _cedited by Mark J. Kirwan. |
| 250 | _a2nd ed. | ||
| 260 |
_aChichester, West Sussex ; _aAmes, Iowa : _bWiley-Blackwell, _c2013. |
||
| 300 |
_axx, 407 p. : _bill. |
||
| 500 | _aEarlier edition has title: Paper and paperboard packaging technology. | ||
| 504 | _aIncludes bibliographical references and index. | ||
| 533 |
_aElectronic reproduction. _bPalo Alto, Calif. : _cebrary, _d2013. _nAvailable via World Wide Web. _nAccess may be limited to ebrary affiliated libraries. |
||
| 650 | 0 | _aPaper containers. | |
| 650 | 0 | _aPaperboard. | |
| 650 | 0 | _aPackaging. | |
| 655 | 7 |
_aElectronic books. _2local |
|
| 700 | 1 | _aKirwan, Mark J. | |
| 710 | 2 | _aebrary, Inc. | |
| 856 | 4 | 0 |
_uhttp://site.ebrary.com/lib/rucke/Doc?id=10657893 _zAn electronic book accessible through the World Wide Web; click to view |
| 999 |
_c168100 _d168100 |
||